Pharmacology / (Record no. 13760)
[ view plain ]
| 000 -LEADER | |
|---|---|
| fixed length control field | 00834cam a22002534a 4500 |
| 003 - CONTROL NUMBER IDENTIFIER | |
| control field | OSt |
| 005 - DATE AND TIME OF LATEST TRANSACTION | |
| control field | 20140310182457.0 |
| 008 - FIXED-LENGTH DATA ELEMENTS--GENERAL INFORMATION | |
| fixed length control field | 070612s2008 mau b 001 0 eng |
| 020 ## - INTERNATIONAL STANDARD BOOK NUMBER | |
| International Standard Book Number | 9789715847711 |
| 050 00 - LIBRARY OF CONGRESS CALL NUMBER | |
| Classification number | RM 300 |
| Item number | .H446 2008 |
| 100 1# - MAIN ENTRY--PERSONAL NAME | |
| Personal name | Herbert-Ashton, Marilyn J. |
| 9 (RLIN) | 8465 |
| 245 10 - TITLE STATEMENT | |
| Title | Pharmacology / |
| Statement of responsibility, etc | Marilyn J. Herbert-Ashton, Nancy Elaine Clarkson. |
| 250 ## - EDITION STATEMENT | |
| Edition statement | 2nd ed. |
| 260 ## - PUBLICATION, DISTRIBUTION, ETC. (IMPRINT) | |
| Place of publication, distribution, etc | Sudbury, MA : |
| Name of publisher, distributor, etc | Jones and Bartlett Publishers, |
| Date of publication, distribution, etc | c2008. |
| 300 ## - PHYSICAL DESCRIPTION | |
| Extent | 654 p. : |
| Dimensions | 23 cm. |
| Other physical details | ill. ; |
| 440 #0 - SERIES STATEMENT/ADDED ENTRY--TITLE | |
| Title | Quick look nursing |
| 9 (RLIN) | 8466 |
| 650 #0 - SUBJECT ADDED ENTRY--TOPICAL TERM | |
| Topical term or geographic name as entry element | Pharmacology. |
| 9 (RLIN) | 7300 |
| 650 #0 - SUBJECT ADDED ENTRY--TOPICAL TERM | |
| Topical term or geographic name as entry element | Nursing. |
| 9 (RLIN) | 8279 |
| 650 12 - SUBJECT ADDED ENTRY--TOPICAL TERM | |
| Topical term or geographic name as entry element | Pharmacology |
| Form subdivision | Nurses' Instruction. |
| 9 (RLIN) | 8467 |
| 700 1# - ADDED ENTRY--PERSONAL NAME | |
| Personal name | Clarkson, Nancy Elaine. |
| 9 (RLIN) | 8468 |
| 856 41 - ELECTRONIC LOCATION AND ACCESS | |
| Materials specified | Table of contents |
| Uniform Resource Identifier | <a href="http://www.loc.gov/catdir/toc/fy0803/2007024685.html">http://www.loc.gov/catdir/toc/fy0803/2007024685.html</a> |
| 942 ## - ADDED ENTRY ELEMENTS (KOHA) | |
| Source of classification or shelving scheme | Library of Congress Classification |
| Koha item type | |
| Withdrawn status | Lost status | Source of classification or shelving scheme | Damaged status | Home library | Current library | Shelving location | Date acquired | Total Checkouts | Total Renewals | Full call number | Barcode | Date last seen | Date checked out | Copy number | Price effective from | Koha item type |
|---|---|---|---|---|---|---|---|---|---|---|---|---|---|---|---|---|
| Library of Congress Classification | South SEED-LPDH College Library | South SEED-LPDH College Library | South SEED-LPDH College Section | 08/06/2013 | 3 | 28 | RM 300 .H446 2008 | SSLC0532 | 06/16/2018 | 06/08/2018 | 1 | 08/06/2013 | Books |